Missing Word: Grey's Anatomy Quiz Stats

Quiz not verified by Sporcle

Challenge
Share
Tweet
Embed
Score 0/14 Timer 03:00
0 Plays Today
% Correct
Meredith
99.4%
Bailey
98.8%
Karev
98.4%
Derek
98.4%
Yang
98.2%
Richard
97.8%
Torres
97.2%
% Correct
Pompeo
94.3%
Sandra
93.7%
Dempsey
92.1%
Justin
89.2%
Sara
86.8%
Wilson
82.1%
James
76.9%

You're not logged in!

Compare scores with friends on all Sporcle quizzes.
Sign Up with Email
OR
Log In

You Might Also Like...

Show Comments

Extras

Top Quizzes Today


Score Distribution

Your Account Isn't Verified!

In order to create a playlist on Sporcle, you need to verify the email address you used during registration. Go to your Sporcle Settings to finish the process.